| Tag |
First Indicator |
Second Indicator |
Subfields |
| LEADER |
00000cam a2200000 a 4500 |
| 001 |
in00003858430 |
| 005 |
20190415182329.0 |
| 006 |
m o d |
| 007 |
cr |n||||||||n |
| 008 |
811029s1874 fr o 000 0 fre d |
| 035 |
|
|
|a (MiFhGG)MOMW202291
|
| 035 |
|
|
|a (OCoLC)778047931
|
| 040 |
|
|
|a TGPSM
|c UtOrBLW
|d UtOrBLW
|
| 050 |
|
4 |
|a HJ4113
|b .M465 1874
|
| 100 |
1 |
|
|a Menier, Emile-Justin,
|d 1826-1881.
|0 http://id.loc.gov/authorities/names/n87100178
|
| 245 |
1 |
0 |
|a Discours et conférences /
|c Menier.
|
| 264 |
|
1 |
|a Paris :
|b E. Plon,
|c 1874.
|
| 300 |
|
|
|a 1 online resource (156 pages).
|
| 336 |
|
|
|a text
|b txt
|2 rdacontent
|
| 337 |
|
|
|a computer
|b c
|2 rdamedia
|
| 338 |
|
|
|a online resource
|b cr
|2 rdacarrier
|
| 490 |
1 |
|
|a Bibliothèque de la réforme fiscale et économique
|
| 490 |
1 |
|
|a The making of the modern world. Part 2 (1851-1914)
|
| 500 |
|
|
|a Reproduction of the original from the University of Kansas.
|
| 505 |
0 |
|
|a Du développement de la richess par la science (séance générale du 24 août 1874 de l'Association française pour l'avancement des sciences) -- Du rôle de l'impôt dans la production de la richesse (21 août 1874 à la section d'économie politique et de statistique de congrès de Lille) -- L'impôt sur le capital (Nîmes, 7 septembre 1874) -- Conférence de Béziers, 10 septembre 1874 -- Projet de loi de l'impôt sur le capital -- L'impôt sur le capital (article de la France du 27 septembre 1874) -- La simplicité de l'impôt sur le revenu (réponse à M. le rédacteur en chef de la France, 5 octobre 1874) -- Théorie et application de l'impôt sur le capital (article de la République française du 9 octobre 1874) -- Lettre à M. Gambetta et réponse à l'article de la République française du 9 octobre 1874 -- (Appendice) L'affaire de Cette devant la Commission de permanence, séance du 1er octobre 1874.
|
| 500 |
|
|
|a Electronic resource.
|
| 650 |
|
0 |
|a Property tax.
|0 http://id.loc.gov/authorities/subjects/sh85107514
|
| 650 |
|
0 |
|a Taxation.
|0 http://id.loc.gov/authorities/subjects/sh85132846
|
| 650 |
|
0 |
|a Economics.
|0 http://id.loc.gov/authorities/subjects/sh85040850
|
| 655 |
|
7 |
|a Electronic books.
|2 local
|
| 710 |
2 |
|
|a Gale (Firm)
|0 http://id.loc.gov/authorities/names/no2008071348
|
| 830 |
|
0 |
|a Making of the modern world. Part 2 (1851-1914)
|
| 856 |
|
|
|u http://proxy.library.tamu.edu/login?url=http://find.galegroup.com/openurl/openurl?url_ver=Z39.88-2004&url_ctx_fmt=info:ofi/fmt:kev:mtx:ctx&res_id=info:sid/gale:MOME&ctx_enc=info:ofi:enc:UTF-8&rft_val_fmt=info:ofi/fmt:kev:mtx:unknown&rft.artnum=U112410690&req_dat=info:sid/gale:ugnid:txshracd2898
|z Connect to the full text of this electronic book
|
| 830 |
|
0 |
|a Bibliothèque de la réforme fiscale et économique.
|0 http://id.loc.gov/authorities/names/n2001066038
|
| 999 |
f |
f |
|s e4c53abb-bfd0-39b9-86fb-8dd13e1bf9b2
|i 282237a8-88d9-38d2-9708-a8e91f2fa581
|t 0
|
| 952 |
f |
f |
|a Texas A&M University
|b College Station
|c Electronic Resources
|d Available Online
|t 0
|e HJ4113 .M465 1874
|h Library of Congress classification
|
| 998 |
f |
f |
|a HJ4113 .M465 1874
|t 0
|l Available Online
|